000 00445nam a2200181Ia 4500
001 4844
005 20260306145824.0
008 260306t1958||||xx |||||||||||||| ||spa||
041 _aESP
082 _a330.942
_bF71
100 _aFogarty, Michael P.
_eAUT
245 0 _aExperiencia británica sobre la economía dirigida
260 _c1958
300 _a36 páginas :
_c19 cm.
650 _aGEN
654 _aCAN
942 _cLIB
_dJUS
_fJUS
_2ddc
_n
999 _c4844
_d4844